00245nam a2200097Ia 4500008004100000100001800041245005700059260001400116260000900130300000800139170620s9999 xx 000 0 und d aMishra- Manju 0aPhilosophical & Sociological Foundation of Education bALFA Pub. c2007 a296